000 00396nam a2200157Ia 4500
003 GCL
008 140319s9999 xx 000 0 eng d
040 _aGCL /
_cGCL
082 0 4 _a418
_bI M
100 1 _aT . A . ISMAIL
245 1 0 _aTHE MOTHER LANGUAGE AND PROPER NAMES DERIVED FROM IT /
_cT . A . ISMAIL
300 _a198 P
650 0 4 _aLINGUISTICS
650 0 4 _aLANGUAGES
942 _2ddc
_cBK
999 _c12718
_d12718